98 not out ! : (Record no. 97443)

MARC details
000 -LEADER
fixed length control field 00687nam a22001937a 4500
005 - DATE AND TIME OF LATEST TRANSACTION
control field 20151127105113.0
010 ## - LCCN (DPL NO)
LC control number ENG-114155
020 ## - INTERNATIONAL STANDARD BOOK NUMBER
Terms of availability 350.00
International Standard Book Number 9789350353226
035 ## - SYSTEM CONTROL NUMBER
System control number EN-97687
037 ## - SOURCE OF ACQUISITION
Source of stock number/acquisition DBAD/PUB
082 ## - DEWEY DECIMAL CLASSIFICATION NUMBER
Classification number 349.54
100 ## - MAIN ENTRY--PERSONAL NAME
Personal name Krishna Iyer, V.R.
245 ## - TITLE STATEMENT
Title 98 not out ! :
Statement of responsibility, etc by V.R. Krishna Iyer
Remainder of title celebrating 98th year of living legend and his continuing legal learning and dissemination /
246 ## - VARYING FORM OF TITLE
Title proper/short title Ninety eight not out
260 ## - PUBLICATION, DISTRIBUTION, ETC. (IMPRINT)
Place of publication, distribution, etc New Delhi
Name of publisher, distributor, etc Universal Law Publishing
Date of publication, distribution, etc 2013
270 ## - ADDRESS
Address C-FF-1A, Dilkhush Industrial Estate, G.T. Karnal Road,
City New Delhi
Postal code 110033
300 ## - PHYSICAL DESCRIPTION
Extent vi,165p.
Dimensions 25cm(Hb)
942 ## - ADDED ENTRY ELEMENTS (KOHA)
Source of classification or shelving scheme Dewey Decimal Classification
Item type English Books
Call number suffix KRI
Classification part 349.54
Holdings
Withdrawn status Lost status Not for loan Collection code Home library Current library Date acquired Source of acquisition Cost, normal purchase price Full call number Barcode Copy number Cost, replacement price Koha item type
    Not For Loan Non-fiction D.B.Act.Division D.B.Act.Division 28/09/2015 DBAD/PUB 350.00 349.54 KRI EN-97687 1 350.00 English Books

© Delhi Public Library
Hit Counter
free hit counter